NXT Tag Team Champions - Statistics

General Stats
  • This quiz has been taken 1,149 times
    97 since last reset
  • The average score is 37 of 70
Answer Stats
Title Reigns Last Won Champions % Correct
1 2018 Roderick Strong
88%
1 2022 Xavier Woods
85%
1 2022 Kofi Kingston
83%
2 2019 Bobby Fish
82%
1 2016 Johnny Gargano
77%
2 2019 Kyle O'Reilly
77%
1 2018 Kyle O'Reilly
77%
1 2016 Tomasso Ciampa
76%
1 2025 Tank Ledger
70%
1 2013 Erick Rowan
68%
1 2025 Hank Walker
68%
1 2013 Luke Harper
68%
2 2016 Scott Dawson
67%
2 2023 Tony D'Angelo
67%
1 2013 Adrian Neville
65%
1 2013 Adrian Neville
65%
2 2024 Axiom
65%
2 2016 Dash Wilder
65%
2 2023 Channing "Stacks" Lorenzo
64%
2 2025 Dion Lennox
62%
2 2024 Nathan Frazer
62%
1 2025 Jeff Hardy
61%
1 2025 Matt Hardy
61%
2 2025 Osiris Griffin
61%
1 2020 Pete Dunne
61%
1 2013 Viktor
59%
2 2022 Wes Lee
59%
1 2013 Konnor
56%
1 2024 Baron Corbin
55%
1 2024 Bron Breakker
55%
1 2016 Chad Gable
55%
1 2017 Akam
53%
1 2016 Jason Jordan
53%
1 2017 Rezar
53%
1 2019 Angelo Dawkins
52%
1 2013 Corey Graves
52%
1 2019 Montez Ford
52%
1 2018 Tyler Bate
52%
1 2020 Matt Riddle
50%
1 2026 Ricky Smokes
50%
1 2026 Brad Baylor
47%
1 2015 Simon Gotch
47%
1 2015 Aiden English
45%
1 2024 Andre Chase
45%
1 2023 Andre Chase
45%
1 2019 Rowe
45%
1 2020 Tyler Breeze
45%
1 2023 Duke Hudson
44%
1 2019 Hanson
44%
1 2014 Kalisto
44%
1 2024 Ridge Holland
44%
1 2017 Eric Young
42%
1 2020 Fandango
42%
1 2015 Murphy
42%
1 2014 Sin Cara
42%
1 2018 Trent Seven
42%
2 2021 Fabian Aichner
41%
2 2021 Marcel Barthel
39%
1 2017 Alexander Wolfe
36%
1 2015 Blake
35%
1 2022 Brutus Creed
35%
1 2022 Julius Creed
35%
2 2022 Elton Prince
33%
1 2013 Oliver Grey
33%
2 2022 Kit Wilson
32%
2 2022 Nash Carter
30%
1 2020 Oney Lorcan
30%
1 2020 Danny Burch
27%
1 2023 Wolfgang
26%
1 2023 Mark Coffey
23%
No matching quizzes found
Score Distribution
Percent of People with Each Score
Percentile by Number Answered
Your Score History
You have not taken this quiz since the last reset